| 000 -LEADER |
| fixed length control field |
00583nam a22001577a 4500 |
| 020 ## - INTERNATIONAL STANDARD BOOK NUMBER |
| ISBN |
9789715069144 |
| 082 ## - DEWEY DECIMAL CLASSIFICATION NUMBER |
| Classification number |
899.21109 |
| Item number |
Al445 2023 |
| 100 ## - MAIN ENTRY--AUTHOR NAME |
| Personal name |
Almario, Virgilio S., author. |
| 245 ## - TITLE STATEMENT |
| Title |
Si Balagtas at ang panitikan para sa kalayaan / ni Virgilio S. Almario. |
| 260 ## - PUBLICATION, DISTRIBUTION, ETC. (IMPRINT) |
| Place of publication |
Manila : |
| Name of publisher |
University of Santo Tomas Publishing House, |
| Year of publication |
©2023. |
| 300 ## - PHYSICAL DESCRIPTION |
| Number of Pages |
xlvi, 122 pages ; |
| Other physical details |
23 cm. |
| 500 ## - GENERAL NOTE |
| General note |
Includes bibliographical references. |
| 650 ## - SUBJECT ADDED ENTRY--TOPICAL TERM |
| Topical Term |
Philippine literature -- History and criticism. |
| 650 ## - SUBJECT ADDED ENTRY--TOPICAL TERM |
| Topical Term |
Balagtas, Francisco -- Criticism and interpretation. |
| 942 ## - ADDED ENTRY ELEMENTS (KOHA) |
| Koha item type |
Books |